Objective Biology NEET/ (Record no. 200689)
[ view plain ]
| 000 -LEADER | |
|---|---|
| fixed length control field | 00650nam a22001937a 4500 |
| 005 - DATE AND TIME OF LATEST TRANSACTION | |
| control field | 20240212154246.0 |
| 010 ## - LCCN (DPL NO) | |
| LC control number | ENG-139212 |
| 020 ## - INTERNATIONAL STANDARD BOOK NUMBER | |
| Terms of availability | 745.00 |
| International Standard Book Number | 9789356061842 |
| 035 ## - SYSTEM CONTROL NUMBER | |
| System control number | EN-122744 |
| 037 ## - SOURCE OF ACQUISITION | |
| Source of stock number/acquisition | DBAD/PUB |
| 082 ## - DEWEY DECIMAL CLASSIFICATION NUMBER | |
| Classification number | 574 |
| 100 ## - MAIN ENTRY--PERSONAL NAME | |
| Personal name | Vijay,Rajiv |
| 245 ## - TITLE STATEMENT | |
| Title | Objective Biology NEET/ |
| Statement of responsibility, etc | Rajiv Vijay: |
| Remainder of title | National Eligibility Cum Entrance Test |
| 250 ## - EDITION STATEMENT | |
| Edition statement | Twelfth Edition |
| 260 ## - PUBLICATION, DISTRIBUTION, ETC. (IMPRINT) | |
| Place of publication, distribution, etc | Uttar Pradesh |
| Name of publisher, distributor, etc | Pearson india Education Services Pvt.Ltd |
| Date of publication, distribution, etc | 2022 |
| 270 ## - ADDRESS | |
| Address | 15th floor ,Tower -B,World Trade Tower ,PlotNo.1 ,Block C ,SEctor 16 |
| City | Noida |
| Postal code | 201301 |
| 300 ## - PHYSICAL DESCRIPTION | |
| Extent | 950p. |
| Dimensions | 25cm(pb) |
| 942 ## - ADDED ENTRY ELEMENTS (KOHA) | |
| Source of classification or shelving scheme | Dewey Decimal Classification |
| Item type | English Books |
| Call number suffix | VIJ |
| Classification part | 574 |
| Withdrawn status | Lost status | Not for loan | Collection code | Home library | Current library | Date acquired | Source of acquisition | Cost, normal purchase price | Full call number | Barcode | Copy number | Cost, replacement price | Koha item type |
|---|---|---|---|---|---|---|---|---|---|---|---|---|---|
| Non-fiction | Ashok Vihar | Ashok Vihar | 12/02/2024 | DBAD | 745.00 | VIJ 574 | EN-122744 | 1 | 745.00 | English Books |
